000 00405nam a2200169Ia 4500
003 LK-CoDNM
008 010623t1967 xxu||||| |||| 00| 1 eng d
040 _aLK-CoDNM
_dLK-CoDNM
_eLK-CoDNM
041 _aeng
080 _ax Sigiriya
100 _aFernando, W.B.Marcus
245 _aSigiriya
260 _bArchaeological Department
_a
_c1967
300 _b19, 20 cm
650 _aSigiriya
942 _cBK
999 _c107294
_d107294